All Songs in Legally Blonde the Musical - Statistics

General Stats
  • This quiz has been taken 580 times
  • The average score is 14 of 18
Answer Stats
Sang By Answer % Correct
Paulette Ireland
92%
Elle and Emmett Legally Blonde
91%
Warner and Elle Serious
91%
Callahan and Students Blood in the Water
89%
Brooke, Callahan and Ensemble Whipped into Shape
85%
Serena, Paulette and Ensemble Bend and Snap
84%
Ensemble What You Want
83%
Emmett, Elle and Greek Chorus Chip on my Shoulder
82%
Paulette Ireland Reprise
81%
Elle and Delta Nu girls Omigod You Guys
81%
Elle and Greek Chorus So Much Better
80%
Elle and Greek Chorus Positive
78%
Ensemble Gay or European?
77%
Elle and Emmett Take it Like a Man
70%
Elle and Warner Serious Reprise
68%
Elle, Paulette and Ensemble Find my Way/Finale
67%
Vivienne and Ensemble Legally Blonde Remix
67%
Emmett, Aaron, Enid, Padamadan, Students Harvard Variations
63%
No matching quizzes found
Score Distribution
Percent of People with Each Score
Percentile by Number Answered
Your Score History
You have not taken this quiz